00428 2200169 4500245005200000020001800052250001100070100001600081100001500097650002900112005001900141260003800160041001400198084001100212300002600223336000900249 aPluralisme Agama & ToleransicSholehuddinhText a979-3372-57-5 aCet. 1 aSholehuddin aRachmawati aPluralisme dan Toleransi a20230223140715 aDepokbBinamuda Ciptakreasic2010 aIndonesia a297.27 avi, 138 hlm. :cilus. atext